[Event "Mecklenburg VP-ch U25"]
[Site "Malchow"]
[Date "2015.02.??"]
[Round "7.11"]
[White "Nitzke, Lukas"]
[Black "Schultz, Willi"]
[Result "0-1"]
[WhiteElo "854"]
[BlackElo "910"]
[PlyCount "61"]
[EventDate "2015.02.04"]
[EventType "swiss"]
[EventRounds "7"]
[EventCountry "GER"]
[SourceTitle "EXT 2022"]
[Source "ChessBase"]
[SourceDate "2021.10.06"]
[SourceVersion "1"]
[SourceVersionDate "2021.10.06"]
[SourceQuality "1"]

1. c4 e5 2. g3 Nc6 3. Nf3 Nf6 4. Bg2 Bc5 5. d3 0-0 6. Nc3 d6 7. 0-0 Re8 8. Bg5 h6 9. Bxf6 Qxf6 10. Nd5 Qd8 11. a3 Be6 12. b4 Bd4 13. Rb1 Ne7 14. Nxe7+ Qxe7 15. Nxd4 exd4 16. Bxb7 Rab8 17. Bg2 Bg4 18. Qb3 Qxe2 19. Rb2 Qe6 20. c5 dxc5 21. Bd5 Qe7 22. Bg2 h5 23. f3 Bf5 24. Qd1 cxb4 25. Re1 Qxe1+ 26. Qxe1 Rxe1+ 27. Bf1 Bh3 28. Kf2 Rxf1+ 29. Ke2 Re8+ 30. Kd2 Rf2+ 31. Kc1 0-1